<?xml version="1.0" encoding="UTF-8"?><?xml-stylesheet type="text/xsl" href="static/style.xsl"?><OAI-PMH xmlns="http://www.openarchives.org/OAI/2.0/" xmlns:xsi="http://www.w3.org/2001/XMLSchema-instance" xsi:schemaLocation="http://www.openarchives.org/OAI/2.0/ http://www.openarchives.org/OAI/2.0/OAI-PMH.xsd"><responseDate>2026-06-01T19:48:23Z</responseDate><request verb="GetRecord" identifier="oai:riuma.uma.es:10630/2532" metadataPrefix="marc">https://riuma.uma.es/rest/oai/request</request><GetRecord><record><header><identifier>oai:riuma.uma.es:10630/2532</identifier><datestamp>2026-02-03T12:43:20Z</datestamp><setSpec>com_10630_2254</setSpec><setSpec>col_10630_37957</setSpec></header><metadata><record xmlns="http://www.loc.gov/MARC21/slim" xmlns:dcterms="http://purl.org/dc/terms/" xmlns:doc="http://www.lyncode.com/xoai" xmlns:xsi="http://www.w3.org/2001/XMLSchema-instance" xsi:schemaLocation="http://www.loc.gov/MARC21/slim http://www.loc.gov/standards/marcxml/schema/MARC21slim.xsd">
   <leader>00925njm 22002777a 4500</leader>
   <datafield ind2=" " ind1=" " tag="042">
      <subfield code="a">dc</subfield>
   </datafield>
   <datafield ind2=" " ind1=" " tag="720">
      <subfield code="a">Assiego de Larriva, Mª Carmen</subfield>
      <subfield code="e">author</subfield>
   </datafield>
   <datafield ind2=" " ind1=" " tag="260">
      <subfield code="c">2004</subfield>
   </datafield>
   <datafield ind2=" " ind1=" " tag="520">
      <subfield code="a">La presente tesis doctoral realiza un profundo estudio de las aplicaciones de las epoxiamidas derivadas de monosacáridos en la síntesis de los denominados aza-azúcares, compuestos analógicos de los carbohidratos donde se sustituye el oxígeno presente en el anillo por un nitrógeno. La preparación inicial de las epoxiamidas se realizó de forma muy eficiente, en términos de rendimiento químico y estereoselectividad, a partir de furanosas por reacción con iluros de azufre estabilizados con un grupo amida. Las epoxiamidas resultantes fueron sometidas a extensivos estudios de aperturas nucleofílicas, protecciones selectivas, oxidación y activación de grupos hidroxilos, de manera que se puso preparar una amplia variedad de derivados de aza-azúcares con estructuras tipo pirrolidínicas, piperidínicas y azepánicas, tanto de la serie D como de la serie L. La tesis se completa con un extenso estudio espectroscópico de los productos preparados y deja las puertas abiertas a futuras investigaciones dirigidas hacia la evaluación biológica de este tipo de compuestos, representando interesantes y potenciales agentes inhibidores de glicosidasas, así como se establecen las bases para el desarrollo de compuestos de mayor complejidad estructural y con un mayor potencial biomédico, como son las C-glicoproteínas. En resumen, la presente tesis describe una nueva metodología sintética de miméticos de carbohidratos tipo aza-azúcares desde productos comunes tipo epoxiamidas derivadas de monosacáridos. La química desarrollada desde estas epoxi-amidas ha permitido la preparación controlada y eficiente de una amplia gama de productos de interés biológico cuya evaluación y derivación hacia otros análogos formará parte de futuras acciones de investigación</subfield>
   </datafield>
   <datafield ind1="8" ind2=" " tag="024">
      <subfield code="a">8468800923</subfield>
   </datafield>
   <datafield ind1="8" ind2=" " tag="024">
      <subfield code="a">http://hdl.handle.net/10630/2532</subfield>
   </datafield>
   <datafield tag="653" ind2=" " ind1=" ">
      <subfield code="a">Hidratos de carbono - Tesis doctorales</subfield>
   </datafield>
   <datafield ind2="0" ind1="0" tag="245">
      <subfield code="a">Síntesis de azúcares con estructuras pirrolidínicas, piperidínicas yazepánicas a partir de epoxiamidas</subfield>
   </datafield>
</record>
</metadata></record></GetRecord></OAI-PMH>